| 000 | 01278nac a22003251u 4500 | ||
|---|---|---|---|
| 003 | EG-ScBUE | ||
| 005 | 20220123093927.0 | ||
| 008 | 200219s1984 enk f b 001 0 eng d | ||
| 020 | _a9780415290036 | ||
| 020 | _a0415290031 (pbk. : alk. paper) | ||
| 035 | _a(OCoLC)ocm50339606 | ||
| 040 |
_aEG-ScBUE _beng _erda _cEG-ScBUE _dEG-ScBUE |
||
| 082 | 0 | 4 |
_a823.009 _bLOD _222 |
| 100 | 1 |
_aLodge, David, _d1935- _eauthor. _940861 |
|
| 245 | 1 | 0 |
_aLanguage of fiction : _bessays in criticism and verbal analysis of the English novel / _cDavid Lodge ; with a new foreword by the author. |
| 264 | 1 |
_aLondon ; _aNew York : _bRoutledge, _c1984. |
|
| 300 |
_axvi, 323 pages ; _c21 cm |
||
| 336 |
_2rdacontent _atext _btxt |
||
| 337 |
_2rdamedia _aunmediated _bn |
||
| 338 |
_2rdacarrier _avolume _bnc |
||
| 504 | _aIncludes bibliographical references and index. | ||
| 650 | 7 |
_aEnglish fiction _xHistory and criticism. _2BUEsh |
|
| 650 | 7 |
_aEnglish language _xStyle. _2BUEsh |
|
| 651 | _2BUEsh | ||
| 653 |
_bHHUUEENN _cJanuary2021 |
||
| 655 |
_vReading book _934232 |
||
| 856 | 4 | 1 |
_3Table of contents only _uhttp://www.loc.gov/catdir/toc/fy0702/2002031675.html |
| 856 | 4 | 1 |
_3Publisher description _uhttp://www.loc.gov/catdir/enhancements/fy0701/2002031675-d.html |
| 942 |
_cBB _2ddc |
||
| 999 |
_c2066 _d2066 |
||